Angin cinta

Bibliographic Details
Main Author: Aliesha Kirana
Format: Book
Published: Selangor : Karyaseni Sdn. Bhd. , 2016
Subjects:

MARC

LEADER 00000cam a2200000 7i4500
001 0000075728
005 20171106.0
008 171009
020 |a 9789670890807 
041 0 |a Malay 
090 0 0 |a ALI   |b MAL 
100 0 |a Aliesha Kirana 
245 0 0 |a Angin cinta   |c Aliesha Kirana 
260 |a Selangor :   |b Karyaseni Sdn. Bhd. ,   |c 2016 
300 |a 557p. ;   |c 18cm. 
500 |a Novel Malay 
541 0 0 |c Purchased on 2017 
650 0 |a Malay fiction 
999 |a 0001475093   |b Book   |c Adult Collection   |e Cawangan Bandar Tenggara 
999 |a 0001475094   |b Book   |c Adult Collection   |e Cawangan Kota Tinggi 
999 |a 0001475095   |b Book   |c Acts   |e Cawangan Batu Pahat 
999 |a 0001475096   |b Book   |c Adult Collection   |e Cawangan Muar 
999 |a 0001475097   |b Book   |c Adult Collection   |e Cawangan Tangkak 
999 |a 0001475098   |b Book   |c Adult Collection   |e Cawangan Mersing 
999 |a 0001475099   |b Book   |c Adult Collection   |e Cawangan Pontian 
999 |a 0001475100   |b Book   |c Adult Collection   |e Cawangan Tmn. Ungku Tun Aminah 
999 |a 0001475101   |b Book   |c Adult Collection   |e Cawangan Taman Universiti 
999 |a 0001475102   |b Book   |c Adult Collection   |e Cawangan Bukit Gambir 
999 |a 0001475103   |b Book   |c Adult Collection   |e Cawangan Segamat 
999 |a 0001475104   |b Book   |c Adult Collection   |e Cawangan Taman Sri Lambak 
999 |a 0001475105   |b Book   |c Adult Collection   |e Cawangan Sri Merlong 
999 |a 0001475106   |b Book   |c Adult Collection   |e Cawangan Bandar Penawar 
999 |a 0001476376   |b Book   |c Adult Collection   |e Perbadanan Perpustakaan Awam Johor 
999 |a 0001476377   |b Book   |c Adult Collection   |e Cawangan AEON Kulaijaya 
999 |a 0001476378   |b Book   |c Adult Collection   |e Cawangan Urban Transformation Centre